Pays d'Europe par Nom en Forme Longue sur une Carte - Statistiques

Statistiques générales
  • Ce quiz a été pris 60 fois
  • Le résultat moyen est 15 sur 45
Réponses sur la Carte
Les réponses sont colorées sur une échelle allant du rouge au vert en fonction du pourcentage des utilisateurs qui les ont devinées à leur premier essai. Vous pouvez retrouver ces pourcentages ci-dessous.
 
Statistiques - réponses
Pays % Correct
République française
75%
Irlande
57%
Islande
52%
Royaume d'Espagne
50%
République italienne
46%
Royaume de Belgique
46%
République portugaise
45%
République tchèque
43%
Ukraine
43%
République de Pologne
41%
Royaume de Suède
41%
Principauté de Monaco
39%
Royaume de Norvège
38%
Royaume du Danemark
38%
Principauté d'Andorre
36%
République de Finlande
36%
République de Lettonie
36%
République d'Autriche
34%
République de Lituanie
34%
République de Macédoine du Nord
34%
République de Serbie
34%
République de Slovénie
34%
République d'Estonie
34%
République fédérale d'Allemagne
34%
République de Bulgarie
32%
République de Croatie
32%
République de Moldavie
32%
République slovaque
32%
République d’Albanie
30%
Royaume des Pays-Bas
30%
République de Malte
29%
République du Kosovo
29%
Roumanie
29%
Monténégro
27%
République de Biélorussie
27%
Bosnie-Herzégovine
25%
Confédération suisse
25%
Fédération de Russie
23%
Hongrie
23%
Grand-Duché de Luxembourg
21%
Principauté du Liechtenstein
21%
Royaume-Uni de Grande-Bretagne et d'Irlande du Nord
21%
République hellénique
13%
État de la Cité du Vatican
9%
Sérénissime république de Saint-Marin
5%
Aucun quiz correspondant
Distribution des résultats
% des personnes avec chaque résultat
Percentile par nombre de réponses
Votre historique - résultats
Vous n’avez pas pris ce quiz